जन-अरण्य (Record no. 828120)

MARC details
000 -LEADER
fixed length control field 00481nam a2200169Ia 4500
008 - FIXED-LENGTH DATA ELEMENTS--GENERAL INFORMATION
fixed length control field 110201s9999 xx 000 0 und d
082 ## - DEWEY DECIMAL CLASSIFICATION NUMBER
Item number B694
Classification number K 514
100 ## - MAIN ENTRY--PERSONAL NAME
Personal name शहाणे अशोक
245 ## - TITLE STATEMENT
Title जन-अरण्य
260 ## - PUBLICATION, DISTRIBUTION, ETC. (IMPRINT)
Name of publisher, distributor, etc अमेय प्रकाशन
365 ## - TRADE PRICE
Price amount 25
600 ## - SUBJECT ADDED ENTRY--PERSONAL NAME
Personal name शहाणे अशोक
630 ## - SUBJECT ADDED ENTRY--UNIFORM TITLE
Uniform title जन-अरण्य
700 ## - ADDED ENTRY--PERSONAL NAME
Personal name शहाणे अशोक
730 ## - ADDED ENTRY--UNIFORM TITLE
Uniform title जन-अरण्य
942 ## - ADDED ENTRY ELEMENTS (KOHA)
Koha item type Book
Holdings
Withdrawn status Lost status Damaged status Not for loan Home library Current library Date acquired Cost, normal purchase price Total Checkouts Barcode Date last seen Cost, replacement price Price effective from Koha item type
        Prof.Manikrao Kirtane Vachanalaya, Vashi, Navi Mumbai Prof.Manikrao Kirtane Vachanalaya, Vashi, Navi Mumbai 02/01/2011 25.00   PMKV-B694 02/01/2011 25.00 02/01/2011 Book